Countries by Last Two Letters in 2 minutes - Statistics

General Stats
  • This quiz has been taken 810 times
  • The average score is 159 of 196
Answers on the Map
Answers color-coded by a green-red scale on the quiz's map according to % correct below.
 
Answer Stats
Country % Correct
Argentina
100%
Bosnia and Herzegovina
100%
Botswana
100%
China
100%
Ghana
100%
Guyana
100%
Albania
99%
Algeria
99%
Armenia
99%
Australia
99%
Austria
99%
Bolivia
99%
Bulgaria
99%
Cambodia
99%
Colombia
99%
Croatia
99%
Estonia
99%
Ethiopia
99%
Federated States of Micronesia
99%
Gambia
99%
Georgia
99%
India
99%
Indonesia
99%
Latvia
99%
Liberia
99%
Lithuania
99%
Malaysia
99%
Mauritania
99%
Mongolia
99%
Namibia
99%
Nigeria
99%
North Macedonia
99%
Romania
99%
Russia
99%
Saint Lucia
99%
Saudi Arabia
99%
Serbia
99%
Slovakia
99%
Slovenia
99%
Somalia
99%
Syria
99%
Tanzania
99%
Tunisia
99%
United States
99%
Vatican City
99%
Zambia
99%
Afghanistan
98%
Antigua and Barbuda
98%
Azerbaijan
98%
Bhutan
98%
Canada
98%
Eswatini
98%
Grenada
98%
Iran
98%
Japan
98%
Jordan
98%
Kazakhstan
98%
Kyrgyzstan
98%
Oman
98%
Pakistan
98%
Rwanda
98%
South Sudan
98%
Sudan
98%
Taiwan
98%
Tajikistan
98%
Turkmenistan
98%
Uganda
98%
Uzbekistan
98%
Brazil
97%
Iceland
97%
Ireland
97%
Mexico
97%
Monaco
97%
Morocco
97%
New Zealand
97%
Poland
97%
Switzerland
97%
Thailand
97%
Costa Rica
95%
Dominica
95%
Jamaica
95%
South Africa
95%
Bahrain
94%
Benin
94%
France
94%
Greece
94%
Liechtenstein
94%
Spain
94%
Finland
93%
Myanmar
92%
Nepal
92%
Portugal
92%
Senegal
92%
Norway
91%
Paraguay
91%
Sweden
91%
Trinidad and Tobago
91%
Uruguay
91%
Yemen
91%
Angola
89%
Equatorial Guinea
89%
Eritrea
89%
Guatemala
89%
Guinea
89%
North Korea
89%
Papua New Guinea
89%
South Korea
89%
Venezuela
89%
Chile
87%
Egypt
87%
Germany
86%
Kenya
86%
Libya
86%
Madagascar
86%
Qatar
86%
Turkey
86%
United Kingdom
86%
Saint Vincent and the Grenadines
85%
Maldives
84%
Nauru
84%
Peru
84%
Philippines
84%
Seychelles
84%
Sierra Leone
84%
Ukraine
84%
United Arab Emirates
84%
Democratic Republic of the Congo
83%
Republic of the Congo
83%
Togo
83%
Solomon Islands
82%
Central African Republic
81%
Czech Republic
81%
Dominican Republic
81%
Denmark
80%
Italy
80%
Belarus
77%
Cyprus
77%
East Timor
77%
Mauritius
77%
Chad
76%
Ecuador
75%
El Salvador
75%
Mali
75%
Marshall Islands
74%
Niger
74%
Netherlands
73%
Iraq
70%
Barbados
69%
Comoros
69%
Laos
69%
Vietnam
69%
Bahamas
67%
Honduras
67%
Cuba
65%
Mozambique
65%
São Tomé and Príncipe
64%
Belgium
62%
Djibouti
62%
Haiti
62%
Kiribati
62%
Panama
62%
Suriname
62%
Bangladesh
60%
Cameroon
60%
Gabon
60%
Lebanon
60%
Ivory Coast
57%
Nicaragua
55%
Sri Lanka
54%
Hungary
53%
Zimbabwe
52%
Burkina Faso
50%
Lesotho
49%
Malawi
48%
Belize
46%
Guinea-Bissau
45%
Moldova
45%
Palau
45%
Israel
36%
Kosovo
34%
Kuwait
34%
Cape Verde
32%
Singapore
32%
Andorra
31%
Montenegro
31%
Tonga
31%
Fiji
29%
Malta
29%
Samoa
29%
Burundi
28%
Luxembourg
27%
Saint Kitts and Nevis
26%
Vanuatu
25%
Tuvalu
24%
San Marino
20%
Brunei
14%
No matching quizzes found
Score Distribution
Percent of People with Each Score
Percentile by Number Answered
Your Score History
You have not taken this quiz